Statistics for Londoners

Click here to take the quiz!

General Stats

  • This quiz has been taken 24 times
  • The average score is 10 of 17

Answer Stats

Answer% Correct
Charlie Chaplin
100%
David Beckham
89%
Amy Winehouse
84%
David Bowie
84%
Elizabeth I
84%
JMW Turner
74%
Michael Caine
74%
Sid Vicious
58%
Alfred Hitchcock
53%
Naomi Campbell
53%
Virginia Woolf
53%
Clement Attlee
42%
Thomas Becket
37%
Thomas More
37%
Benjamin Disraeli
32%
William Pitt the Younger
21%
Mary Wollstonecraft
11%

Score Distribution

Percentile by Number Answered

Percent of People with Each Score

Your Score History

You have not taken this quiz